Translate These Countries from French into English - Statistics

General Stats
  • This quiz has been taken 1,708 times
    1,144 since last reset
  • The average score is 15 of 20
Answer Stats
French English % Correct
Espagne Spain
96%
Inde India
93%
Allemagne Germany
92%
Etats-Unis United States
92%
Dominique Dominica
89%
Cambodge Cambodia
88%
Chypre Cyprus
86%
Équateur Ecuador
84%
Grenade Grenada
84%
Pologne Poland
83%
Islande Iceland
78%
Royaume-Uni United Kingdom
72%
Tchèquie Czechia
69%
Érythrée Eritrea
68%
Salomon Solomon Islands
61%
Pays-Bas Netherlands
58%
Île Maurice Mauritius
57%
Saint-Marin San Marino
56%
Lettonie Latvia
53%
Birmanie Myanmar
44%
No matching quizzes found
Score Distribution
Percent of People with Each Score
Percentile by Number Answered
Your Score History
You have not taken this quiz since the last reset